Statistics for Dumb Ways to Die

Click here to take the quiz!

General Stats

  • This quiz has been taken 88 times
  • The average score is 11 of 21

Answer Stats

Lyrics% Correct
Set {fire} to your hair
99%
Poke a stick at a {grizzly bear}
68%
Get your {toast} out with a fork
65%
Teach yourself how to {fly}
61%
Use your private parts as {piranha} bait

Dumb Ways to Die
So Many Dumb Ways to Die
59%
Sell both your {kidneys} on the internet
56%
Use a clothes dryer as a {hiding} place

Dumb Ways to Die
So Many Dumb Ways to Die
56%
Eat {medicine} that's out of date
55%
Disturb a nest of {wasps} for no good reason
54%
Dress up like a {moose} during hunting season
54%
Invite a psycho {killer} inside
54%
Do your own {electrical} work
52%
Eat two-week-old {unrefrigerated pie}

Dumb Ways to Die
So Many Dumb Ways to Die
52%
Eat a tube of {superglue}
51%
Take your helmet off in {outer space}
51%
I wonder, what's this {red button} do?

Dumb Ways to Die
So Many Dumb Ways to Die
48%
Run across the {tracks} between the platforms

They may not rhyme but they're quite possibly the
Dumbest Ways to Die
So Many Dumb Ways to Die
41%
Scratch a {drug dealer}'s brand-new ride
41%
Keep a {rattlesnake} as a pet
39%
Stand on the edge of a {train station} platform
38%
Drive around the boom gates at a {level crossing}
31%

Score Distribution

Percentile by Number Answered

Percent of People with Each Score

Your Score History

You have not taken this quiz